Cities with the Most Company Headquarters - Statistics

General Stats
  • This quiz has been taken 328 times
  • The average score is 11 of 14
Answer Stats
Hint Answer % Correct
217 New York
99%
193 London
96%
168 Paris
95%
613 Tokyo
94%
82 Los Angeles
91%
116 Beijing
90%
105 Chicago
77%
96 Hong Kong
77%
115 Moscow
74%
114 Seoul
73%
75 Sydney
62%
174 Osaka
49%
90 Taipei
48%
79 Zurich
31%
No matching quizzes found
Score Distribution
Percent of People with Each Score
Percentile by Number Answered
Your Score History
You have not taken this quiz